[Event "28th WSCC Women 65 2018"]
[Site "Bled"]
[Date "2018.11.21"]
[Round "4"]
[White "Serjmyadag, Damdin"]
[Black "Kabanova, Irina"]
[Result "1-0"]
[WhiteElo "1864"]
[BlackElo "1856"]
[Annotator "NA RC"]
[PlyCount "137"]
[EventDate "2018.11.17"]
[EventType "swiss"]
[EventCountry "SLO"]
[SourceTitle "playchess.com"]
[Source "ChessBase"]
[SourceQuality "1"]
[TimeControl "40/5400+30:1800+30"]

1. e4 {[%emt 0:00:00]} c5 {[%emt 0:00:00]} 2. Nf3 {[%emt 0:00:08]} e6 {[%emt 0:00:02]} 3. c4 {[%emt 0:01:25]} Nc6 {[%emt 0:01:44]} 4. Nc3 {[%emt 0:00:34]} a6 {[%emt 0:04:09]} 5. d3 {[%emt 0:02:04]} Qc7 {[%emt 0:02:17] B40: Sicilian: 2...e6, Unusual lines} 6. Be3 {[%emt 0:01:28]} (6. g3 d6 7. Bg2 Nf6 8. O-O Be7 9. h3 O-O 10. Be3 Rb8 11. d4 cxd4 12. Nxd4 Nxd4 {½-½ (12) Toma,K (2305)-Przezdziecka,M (2297) Erice 2013}) 6... Nf6 {[%emt 0:02:38]} 7. Qd2 {[%emt 0:02:24]} Be7 {[%emt 0:04:56]} 8. Be2 {[%emt 0:02:38]} d6 $146 {[%emt 0:04:10]} ({Predecessor:} 8... O-O 9. Bf4 d6 10. O-O Rd8 11. h3 {0-1 (32) Ginosa,N-Okawati,G Maringa 2011}) 9. d4 {[%emt 0:04:47]} cxd4 {[%emt 0:01:49]} 10. Nxd4 {[%emt 0:00:48]} Bd7 {[%emt 0:10:47]} 11. f4 {[%emt 0:03:21]} Nxd4 {[%emt 0:15:31]} 12. Bxd4 {[%emt 0:01:04]} Bc6 {[%emt 0:00:27]} 13. Bf3 {[%emt 0:05:45]} O-O {[%emt 0:06:25]} 14. O-O {[%emt 0:00:50]} e5 {[%emt 0:02:48]} 15. Be3 {[%emt 0:00:39]} Rac8 {[%emt 0:05:30]} 16. Rac1 {[%emt 0:01:57]} Qd7 {[%emt 0:01:07]} 17. h3 {[%emt 0:03:31]} Qd8 {[%emt 0:02:15]} 18. Rfd1 {[%emt 0:01:10]} Nd7 {[%emt 0:04:50]} 19. Bg4 {[%emt 0:04:44]} Rb8 {[%emt 0:00:56]} 20. Bxd7 {[%emt 0:05:15]} exf4 {[%emt 0:01:08]} 21. Bxf4 {[%emt 0:02:17]} Bxd7 {[%emt 0:04:20]} 22. Nd5 {[%emt 0:12:21]} Bc6 {[%emt 0:06:54]} 23. Nxe7+ {[%emt 0:05:02]} Qxe7 {[%emt 0:00:01]} 24. Bxd6 {[%emt 0:00:52]} Qxe4 {[%emt 0:00:36]} 25. Bxb8 {[%emt 0:00:20]} Rxb8 {[%emt 0:01:45]} 26. Re1 {[%emt 0:02:56]} Qh4 {[%emt 0:01:25]} 27. Qf2 {[%emt 0:01:26]} Qg5 {[%emt 0:01:37]} 28. Rcd1 {[%emt 0:00:35]} Rf8 {[%emt 0:08:08]} 29. Rd3 {[%emt 0:04:06]} g6 {[%emt 0:02:19]} 30. Rg3 {[%emt 0:00:54]} Qa5 {[%emt 0:00:18]} 31. b3 {[%emt 0:00:29]} Qc7 {[%emt 0:01:02]} 32. Rge3 {[%emt 0:00:22]} Qd6 {[%emt 0:01:16]} 33. R3e2 {[%emt 0:00:33]} Kg7 {[%emt 0:00:20]} 34. Rd2 {[%emt 0:00:33]} Qf6 {[%emt 0:00:53]} 35. Qxf6+ {[%emt 0:00:31]} Kxf6 {[%emt 0:00:04]} 36. Red1 {[%emt 0:00:17]} Re8 {[%emt 0:00:11]} 37. Rf1+ {[%emt 0:01:15]} Kg7 {[%emt 0:00:02]} 38. Rdf2 {[%emt 0:00:51]} Re7 {[%emt 0:00:11]} 39. g4 {[%emt 0:01:26]} h6 {[%emt 0:01:14]} 40. Kh2 {[%emt 0:00:00]} Bd7 {[%emt 0:00:00]} 41. Kg3 {[%emt 0:04:25]} Bc6 {[%emt 0:01:52]} 42. Kh2 {[%emt 0:01:24]} Bd7 {[%emt 0:01:01]} 43. Rd1 {[%emt 0:00:29]} Bc6 {[%emt 0:01:17]} 44. h4 {[%emt 0:01:22]} Bd7 {[%emt 0:01:35]} 45. g5 {[%emt 0:01:27]} hxg5 {[%emt 0:00:33]} 46. hxg5 {[%emt 0:00:01]} Bc6 {[%emt 0:00:26]} 47. Rdf1 {[%emt 0:00:37]} Bd7 {[%emt 0:00:30]} 48. Rf4 {[%emt 0:01:39]} Bc6 {[%emt 0:03:09]} 49. R1f2 {[%emt 0:01:11]} Bd7 {[%emt 0:00:41]} 50. Kg3 {[%emt 0:05:01]} Bc6 {[%emt 0:00:27]} 51. Rh2 {[%emt 0:02:15]} Re5 {[%emt 0:01:34]} 52. Kh4 {[%emt 0:02:05]} Re7 {[%emt 0:01:31]} 53. Rhf2 {[%emt 0:01:40]} Bd7 {[%emt 0:00:42]} 54. Rd4 {[%emt 0:02:01]} Bc6 {[%emt 0:00:33]} 55. b4 {[%emt 0:04:32]} Bd7 {[%emt 0:05:24]} 56. Rb2 {[%emt 0:00:39]} Bc6 {[%emt 0:03:24]} 57. b5 {[%emt 0:00:30]} axb5 {[%emt 0:00:24]} 58. cxb5 {[%emt 0:00:03]} Bd7 {[%emt 0:06:49]} 59. a4 {[%emt 0:00:31]} Bf5 {[%emt 0:00:20]} 60. Kg3 {[%emt 0:05:53]} f6 {[%emt 0:01:20]} 61. gxf6+ {[%emt 0:00:40]} Kxf6 {[%emt 0:00:01]} 62. Rd6+ {[%emt 0:01:29]} Kg5 {[%emt 0:01:15]} 63. Rb3 {[%emt 0:01:03]} Re4 {[%emt 0:01:37]} 64. Ra3 {[%emt 0:01:20]} Rg4+ {[%emt 0:00:21]} 65. Kf2 {[%emt 0:01:46]} Be4 $18 {[%emt 0:01:13]} (65... Rb4 $142 66. Rb6 Be4) 66. Rg3 {[%emt 0:00:28]} Rxg3 {[%emt 0:01:14]} 67. Kxg3 {[%emt 0:00:10]} Kf5 {[%emt 0:00:05]} 68. a5 {[%emt 0:00:27]} Ke5 {[%emt 0:00:23]} 69. Rd2 {[%emt 0:00:12]} 1-0

[Event "28th WSCC Women 65 2018"]
[Site "Bled"]
[Date "2018.11.21"]
[Round "4"]
[White "Tsygankova, Enni"]
[Black "Khmiadashvili, Tamar"]
[Result "0-1"]
[WhiteElo "1760"]
[BlackElo "2010"]
[Annotator "NA RC"]
[PlyCount "54"]
[EventDate "2018.11.17"]
[EventType "swiss"]
[EventCountry "SLO"]
[SourceTitle "playchess.com"]
[Source "ChessBase"]
[SourceQuality "1"]
[TimeControl "40/5400+30:1800+30"]

1. d4 d5 2. Bf4 Nf6 3. e3 e6 4. Nf3 Be7 5. Bd3 b6 6. h3 Bb7 7. O-O Nbd7 8. Nbd2 O-O 9. a3 c5 10. c3 Ne4 11. Bb5 Ndf6 12. Nxe4 dxe4 13. Nd2 Nd5 14. Bg3 f5 15. Bc4 Bd6 16. Bxd6 Qxd6 17. Bxd5 exd5 18. dxc5 bxc5 19. b4 Ba6 20. c4 dxc4 21. b5 Bxb5 22. Re1 Rfd8 23. Nf1 Qxd1 24. Rexd1 Rd3 25. a4 Ba6 26. Rab1 Rad8 27. Rdc1 Rb3 0-1

[Event "28th WSCC Women 65 2018"]
[Site "Bled"]
[Date "2018.11.22"]
[Round "5"]
[White "Kozlovskaya, Valentina"]
[Black "Fatalibekova, Elena"]
[Result "1-0"]
[WhiteElo "2154"]
[BlackElo "2161"]
[Annotator "TA"]
[PlyCount "100"]
[EventDate "2018.11.17"]
[EventType "swiss"]
[EventCountry "SLO"]
[SourceTitle "playchess.com"]
[Source "ChessBase"]
[SourceQuality "1"]

{[%evp 20,100,9,-19,7,-36,-53,-71,-54,-86,-90,-76,-81,-112,-73,-108,-84,-83,-87,-79,-106,-112,-22,-35,-25,-33,83,83,89,71,76,84,77,33,43,51,83,69,160,166,142,153,180,169,153,61,271,118,680,222,554,559,558,558,538,537,551,545,601,543,506,437,683,657,681,679,673,271,236,166,456,438,594,594,558,551,714,703,5118,5114,5085,5057,29986]} 1. c4 Nf6 2. Nc3 c5 3. g3 d5 4. cxd5 Nxd5 5. Bg2 Nc7 6. Nf3 Nc6 7. O-O e5 8. b3 Be7 9. Bb2 O-O 10. Rc1 f6 11. Na4 {LiveBook: 3 Games. A34: Symmetrical English: 2 Nc3, lines with ...d5} (11. Ne1 Bd7 12. Nd3 Rc8 13. f4 exf4 14. Nxf4 Be8 15. e3 Bf7 16. Qe2 Re8 17. Ne4 Nb4 18. a3 Nba6 19. Nh5 {1-0 (28) Aronian,L (2815)-Svidler,P (2753) Flor & Fjaere 2014}) 11... Na6 12. d3 Be6 13. Nd2 {Black is slightly better.} Rc8 14. f4 exf4 $1 15. gxf4 Qd7 16. Ne4 {[%cal Re4c5]} b6 17. Ng3 $146 ({Predecessor:} 17. Qe1 Nab4 18. Nac3 Nd4 {0-1 (46) Knapczyk,E-Witkowski,S Lodz 1959}) 17... Rfd8 18. Nc3 Nab4 19. Qe1 Nd4 20. Kh1 Bh3 (20... f5 $17 21. Rb1 g6) 21. Qf2 $11 Bxg2+ 22. Qxg2 Qc6 (22... Kh8 $15 {keeps the upper hand.}) 23. Nce4 $1 $16 Bf8 24. Bxd4 Rxd4 {[#]} 25. a3 $1 {[%cal Ra3b4]} Na6 26. Nf5 Rd7 27. Rf3 g6 28. Ne3 Bg7 ({Black should play} 28... Rg7 $1 $14) 29. f5 $36 {[%mdl 2048] White has strong initiative.} g5 30. h4 h6 31. hxg5 hxg5 32. Rh3 (32. Ng4 $16) 32... Re8 $2 (32... Nc7 $14) 33. Rf1 (33. Ng4 $18 {Nexf6+! is the strong threat.} Kf8 34. Nexf6 Qxg2+ 35. Kxg2 Bxf6 36. Nxf6 Rxe2+ 37. Kf1) 33... Rde7 $2 {[%mdl 8192] [#]} (33... Nc7 $16) 34. Ng4 $2 (34. Nxf6+ $1 {[%mdl 512]} Qxf6 35. Nd5) 34... Nb8 $2 {[#]} (34... Rxe4 {is tougher.} 35. dxe4 Qxe4) 35. Nexf6+ $1 $18 {[%mdl 512]} Bxf6 36. Qxc6 Nxc6 37. Nxf6+ Kf7 38. Nxe8 Rxe8 {[%mdl 4096] Endgame KRR-KRN} 39. e4 Ne5 40. b4 Rd8 (40... g4 $142) 41. bxc5 bxc5 42. Rb1 Nxd3 43. Rb7+ (43. Rh6 $142 {Rb7+ would kill now.} Kg7 44. Rg6+ Kf8 45. Rb7) 43... Kf6 {With the idea ...Nf2+.} 44. Kg1 {Black must now prevent Rh6+.} ({Inferior is} 44. Rxa7 Nf2+ 45. Kh2 Nxh3 $11) 44... Ke5 $2 (44... g4 {might work better.} 45. Rhh7 c4) 45. Re7+ {White is clearly winning.} Kf4 46. f6 {[%cal Bf5f6,Bf6f7][%mdl 32]} Ne5 {intending ...g4.} 47. f7 Rf8 48. Rh6 c4 49. Rf6+ Kxe4 50. Re8 {[%mdl 64] Trapped Piece} Kd5 {Accuracy: White = 50%, Black = 23%.} 1-0

[Event "28th WSCC Women 65 2018"]
[Site "Bled"]
[Date "2018.11.22"]
[Round "5"]
[White "Khmiadashvili, Tamar"]
[Black "Titorenko, Natalia I"]
[Result "1/2-1/2"]
[WhiteElo "2010"]
[BlackElo "2158"]
[Annotator "TA"]
[PlyCount "94"]
[EventDate "2018.11.17"]
[EventType "swiss"]
[EventCountry "SLO"]
[SourceTitle "playchess.com"]
[Source "ChessBase"]
[SourceQuality "1"]

{[%evp 12,94,2,10,15,4,8,-5,0,-20,-7,-22,12,10,8,7,10,12,20,20,34,8,13,4,20,21,24,21,27,20,25,20,20,22,28,15,24,14,37,21,27,11,4,18,10,16,20,31,38,37,48,0,0,0,0,0,0,6,6,0,0,0,0,0,0,0,0,0,0,0,0,0,0,0,0,0,0,0,0,0,0,0,0,0,0]} 1. d4 Nf6 2. Nc3 d5 3. Bg5 Bf5 4. Bxf6 exf6 5. e3 c6 6. Bd3 Bxd3 7. Qxd3 {LiveBook: 29 Games} Na6 {D01: Veresov Opening} (7... g6 8. Nge2 f5 9. h3 h5 10. f3 Nd7 11. e4 fxe4 12. fxe4 dxe4 13. Nxe4 Qa5+ 14. c3 Be7 15. O-O {1-0 (23) Nakamura,H (2784)-Mamedyarov,S (2753) Moscow 2013}) 8. a3 Nc7 $146 ({Predecessor:} 8... g6 9. e4 dxe4 10. Qxe4+ Qe7 11. Qxe7+ Bxe7 12. Nf3 Nc7 13. O-O O-O 14. Rfe1 Rfe8 15. Rad1 {1-0 (60) Walti,R (2202)-Lepan,M (2189) France 2002}) 9. Nge2 Qd7 10. e4 dxe4 11. Qxe4+ Qe6 (11... Be7 {is more complex.} 12. Qf3 g6 13. d5 O-O-O 14. O-O-O f5) 12. O-O-O Qxe4 13. Nxe4 f5 14. Nd2 O-O-O 15. c3 Bd6 16. Nc4 Rhe8 17. Rde1 g6 18. Nxd6+ Rxd6 19. Nf4 Rdd8 20. Rxe8 Rxe8 $11 {[%mdl 4096] Endgame KRN-KRN} 21. Kd2 b6 22. Nd3 f6 23. h4 Kd7 24. a4 Ne6 25. g3 Kd6 26. a5 c5 27. axb6 axb6 28. dxc5+ Nxc5 29. Nxc5 Kxc5 {KR-KR} 30. Ra1 f4 31. gxf4 Re4 {The position is equal.} 32. h5 Rxf4 33. hxg6 Rxf2+ 34. Ke3 Rh2 35. g7 Rg2 36. Ra7 h5 {[%cal Bh7h5,Bh5h4][%mdl 32]} 37. Rf7 (37. Kf3 {is interesting.} Rg5 38. b3 Kd5 39. c4+ Ke5 40. Re7+) 37... h4 38. Rxf6 Rxg7 39. Rf5+ Kc6 40. Rh5 Rg3+ 41. Kf4 Rg2 42. Rxh4 Rxb2 43. Ke3 Rg2 44. Kd4 Rg6 45. Kc4 Rf6 46. Kb4 Rg6 47. c4 Rg1 {Accuracy: White = 54%, Black = 72%.} 1/2-1/2

[Event "28th WSCC Women 65 2018"]
[Site "Bled"]
[Date "2018.11.22"]
[Round "5"]
[White "Tsifanskaya, Ludmila A"]
[Black "Ristoja, Aulikki"]
[Result "1-0"]
[WhiteElo "1996"]
[BlackElo "1505"]
[Annotator "NA RC"]
[PlyCount "130"]
[EventDate "2018.11.17"]
[EventType "swiss"]
[EventCountry "SLO"]
[SourceTitle "playchess.com"]
[Source "ChessBase"]
[SourceQuality "1"]
[TimeControl "40/5400+30:1800+30"]

1. e4 {[%emt 0:00:00]} d5 {[%emt 0:00:00]} 2. exd5 {[%emt 0:00:00]} Qxd5 {[%emt 0:00:00]} 3. Nc3 {[%emt 0:00:00]} Qa5 {[%emt 0:00:00]} 4. d4 {[%emt 0:00:00]} c6 {[%emt 0:00:49]} 5. Bc4 {[%emt 0:00:59]} Nf6 {[%emt 0:00:53]} 6. Bd2 {[%emt 0:00:41]} Qb6 {[%emt 0:00:47]} 7. Nge2 {[%emt 0:07:44] B01: Scandinavian Defence} (7. Nf3 Bf5 8. Qe2 e6 9. O-O-O Be7 10. Ne5 Nbd7 11. h3 Qxd4 12. Nxd7 Nxd7 13. Be3 Qf6 14. g4 Bg6 15. h4 {1-0 (56) Zhao,Z (2543)-Peng,X (2410) Sanya City 2017}) 7... Bf5 {[%emt 0:04:22]} 8. Bb3 {[%emt 0:06:44]} e6 {[%emt 0:01:20]} 9. O-O {[%emt 0:05:30]} Bd6 {[%emt 0:00:52]} 10. Bf4 {[%emt 0:04:15]} Bxf4 {[%emt 0:04:57]} 11. Nxf4 {[%emt 0:05:34]} O-O {[%emt 0:01:11]} 12. Nce2 {[%emt 0:03:50]} h6 $146 {[%emt 0:01:50]} ({Predecessor:} 12... Rd8 13. c3 Nbd7 {0-1 (34) Tagnon,N (2070)-Flear,C (2185) France 1993}) 13. Ng3 {[%emt 0:03:31]} Bh7 {[%emt 0:00:50]} 14. c3 {[%emt 0:00:31]} Qc7 {[%emt 0:02:31]} 15. Qf3 {[%emt 0:03:44]} a5 {[%emt 0:01:21]} 16. Bc4 {[%emt 0:02:26]} Nbd7 {[%emt 0:02:37]} 17. Bd3 {[%emt 0:00:39]} Bxd3 {[%emt 0:02:38]} 18. Nxd3 {[%emt 0:00:02]} Rfd8 {[%emt 0:03:06]} 19. Rad1 {[%emt 0:04:32]} b6 {[%emt 0:05:59]} 20. Ne4 {[%emt 0:19:48]} Nxe4 {[%emt 0:01:04]} 21. Qxe4 {[%emt 0:00:01]} Nf6 {[%emt 0:01:14]} 22. Qf3 {[%emt 0:01:39]} Rac8 {[%emt 0:01:59]} 23. g3 {[%emt 0:03:09]} Qd6 {[%emt 0:04:17]} 24. a3 {[%emt 0:04:34]} Qd5 {[%emt 0:01:19]} 25. Qe2 {[%emt 0:02:06]} Qe4 {[%emt 0:12:57]} 26. Qxe4 {[%emt 0:00:46]} Nxe4 {[%emt 0:00:03]} 27. Ne5 {[%emt 0:01:02]} Nf6 {[%emt 0:01:55]} 28. Nc4 {[%emt 0:02:53]} Nd5 {[%emt 0:02:27]} 29. Rfe1 {[%emt 0:00:42]} Kf8 {[%emt 0:06:08]} 30. f4 {[%emt 0:04:59]} a4 {[%emt 0:02:36]} 31. Ne5 {[%emt 0:01:39]} Ne7 {[%emt 0:11:24]} 32. Kf2 {[%emt 0:03:37]} c5 {[%emt 0:04:29]} 33. dxc5 {[%emt 0:00:22]} Rxd1 {[%emt 0:00:47]} 34. Rxd1 {[%emt 0:00:03]} bxc5 {[%emt 0:00:58]} 35. Nd7+ {[%emt 0:00:48]} ({White should play} 35. Rd6 $16) 35... Ke8 $1 {[%emt 0:00:34]} 36. Nb6 {[%emt 0:00:06]} Rb8 {[%emt 0:05:19]} (36... Rc6 $1 $11 {remains equal.} 37. Nxa4 c4) 37. Nxa4 {[%emt 0:00:24]} Rb5 {[%emt 0:00:22]} (37... Nd5 $16) 38. c4 {[%emt 0:01:47]} Ra5 {[%emt 0:03:05]} 39. Nc3 {[%emt 0:00:06]} Nf5 {[%emt 0:00:16]} 40. Rd2 {[%emt 0:00:00]} Nd4 {[%emt 0:00:00]} (40... Ke7 $16 41. Rd3 Nd6) 41. Ne2 {[%emt 0:03:01]} Nc6 {[%emt 0:05:09]} 42. Rd6 {[%emt 0:05:27]} Ra6 {[%emt 0:02:45] [#]} (42... Ne7 $16) 43. Nc3 $1 {[%emt 0:00:55]} Ke7 {[%emt 0:01:31]} 44. Rd2 {[%emt 0:01:45]} Nd4 {[%emt 0:05:01]} 45. Ne4 {[%emt 0:05:18]} Nb3 {[%emt 0:01:16]} 46. Rd3 {[%emt 0:00:47]} Rb6 {[%emt 0:00:50]} 47. Ke3 {[%emt 0:04:39]} f5 {[%emt 0:02:20]} 48. Nd2 {[%emt 0:00:49]} Nc1 {[%emt 0:06:18]} 49. Rc3 {[%emt 0:00:13]} Na2 {[%emt 0:00:09]} 50. Rc2 {[%emt 0:01:07]} g5 {[%emt 0:02:37]} 51. b3 {[%emt 0:01:13]} Nb4 {[%emt 0:00:57]} 52. axb4 {[%emt 0:00:06]} Rxb4 {[%emt 0:00:49]} 53. Ra2 {[%emt 0:00:17]} Rb7 {[%emt 0:02:39]} 54. Ra6 {[%emt 0:00:47]} Rc7 {[%emt 0:01:34]} 55. Kd3 {[%emt 0:00:40]} Kf6 {[%emt 0:03:29]} 56. Ke3 {[%emt 0:01:35]} Rc8 {[%emt 0:00:46]} 57. Ra5 {[%emt 0:01:09]} Rc6 {[%emt 0:00:47]} 58. Rb5 {[%emt 0:00:12]} gxf4+ {[%emt 0:01:59]} 59. gxf4 {[%emt 0:00:14]} e5 {[%emt 0:00:25]} 60. fxe5+ {[%emt 0:00:17]} Kxe5 $18 {[%emt 0:00:03]} 61. b4 {[%emt 0:00:25]} f4+ {[%emt 0:00:16]} 62. Kf3 {[%emt 0:00:03]} Kd4 {[%emt 0:01:35]} 63. Rxc5 {[%emt 0:00:23]} Rxc5 {[%emt 0:02:37]} 64. bxc5 {[%emt 0:00:01]} Kxc5 {[%emt 0:00:03]} 65. Kxf4 {[%emt 0:00:12]} Kd6 {[%emt 0:00:26]} 1-0

[Event "28th WSCC Women 65 2018"]
[Site "Bled"]
[Date "2018.11.22"]
[Round "5"]
[White "Dotan, Valeria"]
[Black "Gaprindashvili, Nona"]
[Result "1/2-1/2"]
[WhiteElo "1883"]
[BlackElo "2301"]
[Annotator "TA"]
[PlyCount "129"]
[EventDate "2018.11.17"]
[EventType "swiss"]
[EventCountry "SLO"]
[SourceTitle "playchess.com"]
[Source "ChessBase"]
[SourceQuality "1"]

{[%evp 13,129,76,77,41,50,-4,-4,-25,-20,-15,-13,-30,-12,-29,-35,-40,-26,-45,-29,-25,-25,-67,0,0,13,12,12,37,33,-47,27,25,76,26,23,0,0,0,0,0,0,0,0,-20,0,-10,0,0,0,0,4,0,38,33,34,28,45,45,45,45,45,45,45,45,56,45,45,0,62,0,76,58,65,62,71,26,65,64,45,45,45,45,45,45,50,51,60,58,62,0,60,0,61,0,45,31,45,0,78,0,38,38,39,31,31,31,194,24,201,46,53,54,71,66,56,35,62,46]} 1. Nf3 d6 2. d4 g6 3. e4 Bg7 4. Bd3 e6 (4... Nc6 5. d5 Nb4 6. Be2 a5 7. c4 Nf6 8. Nc3 O-O 9. Be3 Ng4 10. Bg5 f5 11. exf5 h6 12. Bh4 Bxf5 {0-1 (76) Meier,G (2639)-Rapport,R (2725) Douglas 2018}) 5. Nc3 Ne7 6. Be3 {B06: Modern Defence} Nd7 7. Qd2 h6 {LiveBook: 3 Games} 8. h4 {White is better.} a6 9. g4 (9. Bf4 $14) 9... b5 $11 10. Ne2 $146 ({Predecessor:} 10. g5 h5 11. Ne2 Bb7 12. Ng3 c5 {0-1 (47) Jamieson,P-Wibe,T Siegen 1970}) 10... Bb7 {next ...Nf6 is good for Black.} 11. Ng3 c5 12. c3 Qc7 13. g5 {[%cal Rg5h6]} h5 14. Be2 c4 15. Nh2 Nb6 16. Bd1 Bc6 17. f3 O-O-O ({Black should play} 17... O-O $15) 18. Qf2 Kb7 19. Bc2 Rhf8 20. Nhf1 f6 21. Nd2 (21. gxf6 $1 $14 Rxf6 22. Ne2) 21... fxg5 (21... f5 $15 22. Ne2 fxe4) 22. Bxg5 Bf6 (22... Rde8 $11) 23. Qe3 e5 24. d5 Bd7 25. O-O-O {[%cal Be1c1,Bc1b1,Bb1b2,Bb2b3][%mdl 32]} Bxg5 26. Qxg5 Rf7 27. Qe3 Rdf8 28. Rdg1 Be8 29. Ne2 Nd7 30. Kb1 Qc5 31. Qxc5 Nxc5 32. b3 cxb3 33. axb3 a5 34. Kb2 Kb6 35. b4 axb4 36. cxb4 Na6 37. Kb3 Bd7 38. Bd3 Rf6 39. Rg3 Rc8 40. Rgg1 Rcf8 41. Rg3 (41. Rf1 $14) 41... Be8 (41... Rc8 $11) 42. Rc1 Bf7 43. Nc3 Rc8 44. Rgg1 (44. f4 $5) 44... Be8 45. Ne2 Nc7 46. Rc2 Ra8 47. Ra2 Rxa2 48. Kxa2 Na6 49. Kb3 Bf7 50. Ka3 Be8 51. Kb3 (51. f4 $14) 51... Rf8 (51... Bf7 $11) 52. Ka3 (52. f4 $14) 52... Bd7 (52... Rf6 $11) 53. Kb3 (53. Nc1 $14) 53... Nc7 54. Kb2 Rf6 55. Kb3 Be8 (55... Rf8 $11 {keeps the balance.}) 56. Kb2 (56. f4 $16) 56... Rf8 57. Nc3 Na6 58. Ka3 Nc7 59. Kb3 Bf7 $2 {[#]} ({Black should try} 59... Bd7 $14) 60. Kb2 $2 (60. Bxb5 $1 $18 {[%mdl 512] Threatens to win with Nc4+.} Ka7 (60... Nxb5 61. Nc4+) 61. Nc4 Bxd5 62. exd5 Rxf3 63. Nxd6 Nexd5 64. Ra1+ (64. Rxg6 Rxc3+ 65. Kb2 Rh3 $15) 64... Kb8 65. Rc1) 60... Bg8 $2 {[#]} (60... Be8 $1 $11 {and Black stays safe.}) 61. Ra1 $2 (61. Bxb5 $1 $18 {[%mdl 512] Strongly threatening Nc4+.} Ka7 (61... Nxb5 62. Nc4+) 62. Nc4) 61... Rf4 $14 62. Rh1 Bf7 63. Ne2 Rf6 64. Rg1 Be8 65. Kb3 {Accuracy: White = 43%, Black = 39%.} 1/2-1/2

[Event "28th WSCC Women 65 2018"]
[Site "Bled"]
[Date "2018.11.22"]
[Round "5"]
[White "Serjmyadag, Damdin"]
[Black "Sorokina, Tamara"]
[Result "1/2-1/2"]
[WhiteElo "1864"]
[BlackElo "2058"]
[Annotator "NA RC"]
[PlyCount "76"]
[EventDate "2018.11.17"]
[EventType "swiss"]
[EventCountry "SLO"]
[SourceTitle "playchess.com"]
[Source "ChessBase"]
[SourceQuality "1"]
[TimeControl "40/5400+30:1800+30"]

1. e4 {[%emt 0:00:00]} e6 {[%emt 0:00:00]} 2. d4 {[%emt 0:00:07]} c5 {[%emt 0:00:00]} 3. Nf3 {[%emt 0:02:01]} cxd4 {[%emt 0:00:00]} 4. Nxd4 {[%emt 0:00:11]} a6 {[%emt 0:00:00]} 5. Be3 {[%emt 0:00:33]} Ne7 {[%emt 0:00:05] B41: Sicilian: Kan Variation: 5 c4} 6. Bd3 {[%emt 0:00:33]} Nbc6 {[%emt 0:00:12]} (6... Nec6 7. Nd2 Nxd4 8. Bxd4 Nc6 9. Bc3 b5 10. b3 Bb4 11. Bxg7 Rg8 12. Bb2 Rxg2 13. Qh5 Bb7 {½-½ (56) Shirov,A (2631)-Artemiev,V (2691) Moscow 2017}) 7. c3 {[%emt 0:00:28]} d5 {[%emt 0:00:24]} 8. O-O {[%emt 0:04:33]} Nxd4 {[%emt 0:04:41]} 9. Bxd4 {[%emt 0:03:42]} Nc6 {[%emt 0:00:07]} 10. e5 $146 {[%emt 0:09:55]} ({Predecessor:} 10. Be3 dxe4 11. Bxe4 Bd6 12. Qh5 Qc7 13. Nd2 Ne5 14. Bc2 g6 {0-1 (37) Aitbayev,A (2321)-Kotsur,P (2562) Astana 2011}) 10... Nxd4 {[%emt 0:02:22]} 11. cxd4 {[%emt 0:00:11]} Qb6 {[%emt 0:00:45]} 12. Qd2 {[%emt 0:00:24]} Be7 {[%emt 0:00:18]} 13. Nc3 {[%emt 0:01:00]} Bd7 {[%emt 0:00:07]} 14. Ne2 {[%emt 0:04:19]} O-O {[%emt 0:00:41]} 15. Rab1 {[%emt 0:04:46]} Rac8 {[%emt 0:00:39]} 16. Nc3 {[%emt 0:00:38]} g6 {[%emt 0:04:27]} 17. Be2 {[%emt 0:02:54]} Rc7 {[%emt 0:02:16]} 18. a3 {[%emt 0:01:42]} Rfc8 {[%emt 0:00:24]} 19. f4 {[%emt 0:02:48]} f5 {[%emt 0:05:59]} 20. g4 {[%emt 0:08:07]} Be8 {[%emt 0:01:38]} 21. Kh1 {[%emt 0:02:44]} Kh8 {[%emt 0:00:18]} 22. gxf5 {[%emt 0:03:06]} gxf5 {[%emt 0:00:05]} 23. Rg1 {[%emt 0:00:24]} Bf7 {[%emt 0:00:19]} 24. Qe3 {[%emt 0:02:58]} Bf8 {[%emt 0:02:40]} 25. Bd3 {[%emt 0:07:30]} Bg6 {[%emt 0:00:53]} 26. Be2 {[%emt 0:00:55]} Rg7 {[%emt 0:02:40]} 27. b4 {[%emt 0:02:15]} Qc6 {[%emt 0:01:00]} 28. Rbc1 {[%emt 0:00:36]} Qe8 {[%emt 0:00:17]} 29. Bf3 {[%emt 0:00:46]} Rgc7 {[%emt 0:02:02]} 30. Ne2 {[%emt 0:03:41]} Bh6 {[%emt 0:08:28]} 31. Rc5 {[%emt 0:04:30]} Bf8 {[%emt 0:01:47]} 32. Rxc7 {[%emt 0:02:22]} Rxc7 {[%emt 0:00:02]} 33. Rc1 {[%emt 0:01:38]} Rg7 {[%emt 0:00:41]} 34. Ng3 {[%emt 0:01:17]} Rd7 {[%emt 0:02:27]} 35. Rc3 {[%emt 0:00:39]} Bh6 {[%emt 0:00:21]} 36. Qc1 {[%emt 0:00:25]} Kg7 {[%emt 0:00:32]} 37. Kg2 {[%emt 0:05:01]} Qe7 {[%emt 0:01:15]} 38. Rc8 $11 {[%emt 0:05:11]} Bf7 {[%emt 0:01:46]} 1/2-1/2